000 00449nam a2200181Ia 4500
008 151202s9999||||xx |||||||||||||| ||und||
082 _bPNVM-3816
100 _a---
245 _aHINTS FOR A YOUNG PRINCESS VOL II.
260 _b"T.CADELL, LONDON."
260 _c1805
300 _a403
600 _a---
630 _aHINTS FOR A YOUNG PRINCESS VOL II.
700 _a---
730 _aHINTS FOR A YOUNG PRINCESS VOL II.
942 _cBOOK
999 _c1269814
_d1269811